QCM de culture générale sur la suisse - Statistiques

Statistiques générales
  • Ce quiz a été pris 35 fois
  • Le résultat moyen est 10 sur 15
Statistiques - réponses
Question Réponse % Correct
Quelle est la capitale de la suisse ? Berne
97%
Quel est le vrai nom complet de la suisse ? Confédération helvétique
94%
Quel est le chef-lieu du canton de Vaud ? Lausanne
94%
Dans quel canton les voitures sont elles immatriculées GR ? Grisons
91%
Combien de cantons compte la suisse ? 26
81%
Comment s’appelle la compagnie nationale de chemin de fer en suisse ? CFF
75%
Quel est le canton le plus au nord de la suisse ? Schaffhouse
66%
Quel sont les trois cantons primitifs de la suisse ? Uri - Schwytz - Unterwald
66%
En quel année ces trois cantons ont signé un pacte qui est la naissance de la suisse ? 1291
59%
Quel canton s’est séparé du canton de Berne pour être le dernier canton à rentrer dans la confédération suisse ? Jura
56%
Parmi ceux-ci combien sont des demis-cantons ? 6
53%
En quelles années cela s’est il passé ? 1978-79
50%
Quel est le point culminant de la suisse ? La Pointe Dufour
50%
Quel est le chef-lieu du canton de Obwald ? Sarnen
38%
Dans quel canton les voitures sont elles immatriculées AR ? Appenzell-Rhodes-Extérieures
34%
Aucun quiz correspondant
Distribution des résultats
% des personnes avec chaque résultat
Percentile par nombre de réponses
Votre historique - résultats
Vous n’avez pas pris ce quiz